000 00299nam a2200133Ia 4500
008 191201s2006 xx 000 0 und d
082 _a658.15
_bMAM
100 _aMAHESWARI, Y
245 0 _aManagerial Economics
260 _aN.Delhi
_bPHI
_c2006
300 _a284
650 _aMBA
942 _2ddc
_cBK
999 _c2879
_d2879